Carta de Lonxe o Corazón do tempo / (Record no. 41394)

MARC details
000 -LEADER
campo de control de longitud fija 00631nam a2200193 i 4500
001 - NÚMERO DE CONTROL
campo de control 41394
003 - IDENTIFICADOR DE NÚMERO DE CONTROL
campo de control ES-MaACL
005 - FECHA Y HORA DE LA ÚLTIMA TRANSACCIÓN
campo de control 20250722131821.0
007 - CAMPO FIJO DE DESCRIPCIÓN FÍSICA--INFORMACIÓN GENERAL
campo de control de longitud fija t|
008 - DATOS DE LONGITUD FIJA--INFORMACIÓN GENERAL
campo de control de longitud fija 030310s1969 sp ||||1| gao d
100 1# - ENTRADA PRINCIPAL--NOMBRE DE PERSONA
Nombre de persona Casado Nieto, Manuel.
9 (RLIN) 36023
245 10 - MENCIÓN DEL TÍTULO
Título Carta de Lonxe o Corazón do tempo /
Mención de responsabilidad, etc. Manuel Casado Nieto ; prólogo de Basilio Losada ; epílogo de Ramón Otero Pedrayo.
260 ## - PUBLICACIÓN, DISTRIBUCIÓN, ETC.
Lugar de publicación, distribución, etc. Vigo :
Nombre del editor, distribuidor, etc. Galaxia,
Fecha de publicación, distribución, etc. 1969.
300 ## - DESCRIPCIÓN FÍSICA
Extensión 98 p. ;
Dimensiones 18 cm.
700 1# - ENTRADA AGREGADA--NOMBRE PERSONAL
Nombre de persona Losada, Basilio,
Fechas asociadas al nombre 1930-
9 (RLIN) 74251
700 1# - ENTRADA AGREGADA--NOMBRE PERSONAL
Nombre de persona Otero Pedrayo, Ramón,
Fechas asociadas al nombre 1888-1976
9 (RLIN) 87917
852 ## - LOCALIZACIÓN
Ubicación ES-MaACL
Número de control de estantería C-37041
Sublocalización o colección R.70454
Holdings
Estatus retirado Estado de pérdida Estado de daño No para préstamo Biblioteca de origen Biblioteca actual Ubicación en estantería Fecha de adquisición Fuente de adquisición Total de préstamos Signatura topográfica completa Código de barras Visto por última vez Precio de reemplazo Tipo de ítem Koha
        Biblioteca del Ateneo de Madrid Biblioteca del Ateneo de Madrid Depósito 2 17/01/2008     C-37041 1043578 23/02/2023 23/02/2023 Libro impreso